000 01047cam a2200301 a 4500
001 12251086
005 20231018103218.0
008 001206s2000 ilua b 001 0 eng
010 _a 00712412
020 _a1577660986
020 _a9781478637714
040 _aDLC
_cDLC
_dDLC
050 0 0 _aRA 565
_b.N33 2020
082 0 0 _a615.9/02
_221
100 1 _aNadakavukaren, Anne.
_eauthor
245 1 0 _aOur global environment :
_ba health perspective /
_cAnne Nadakavukaren.
250 _a8th ed.
260 _aProspect Heights, Ill. :
_bWaveland Press,
_c2020
300 _avi, 506 p. :
_bill. col., maps ;
_c26 cm.
504 _aIncludes bibliographical references and index.
650 0 _aEnvironmental health.
650 0 _aPollution.
650 0 _aHuman ecology.
700 _aCaravanos Jack
_eauthor
906 _a7
_bcbc
_corigcop
_d3
_encip
_f20
_gy-gencatlg
942 _2lcc
_h RA 565 .N33 2020
_cBOOKS
999 _c31923
_d31923